000 00440nam a2200181Ia 4500
001 17392
005 20260306171514.0
008 260306s9999||||xx |||||||||||||| ||und||
041 _aESP
082 _a657.835
_bV19 V. 2
100 _aValdivia Delgado, César
_eAUT
245 0 _aContabilidad gubernamental
260 _c2016
300 _apáginas 485-1166 :
_c25 cm.
650 _aGEN
654 _aCCO
942 _cLIB
_dJUS
_fJUS
_2ddc
_n
999 _c17392
_d17392